| 000 | 00731nam a22001937a 4500 | ||
|---|---|---|---|
| 005 | 20130607171316.0 | ||
| 010 | _aENG-107330 | ||
| 020 |
_a9788120347052 _c350.00 |
||
| 035 | _aEN-90863 | ||
| 037 | _bDBAD/PUB | ||
| 082 | _a658.3 | ||
| 100 | _aKandula, Srinivas R. | ||
| 245 |
_aCompetency-based human resource management : _cby Srinivas R. Kandula _ba compelete text with case studies on competency mapping, modelling, assessing and applying / |
||
| 260 |
_aNew Delhi _b PHI Learning _c2013 |
||
| 270 |
_aRimjhim House, 111, Patparganj Industrial Estate _bDelhi _e110091 |
||
| 300 |
_axii,312p.: _c23cm(pbk) _bill. |
||
| 500 | _aIncludes bibliographical references and indexes | ||
| 942 |
_2ddc _cEN _mKAN _h658.3 |
||
| 999 |
_c76050 _d76050 |
||